|
|
|
|
| LEADER |
00000nab#a22000007a#4500 |
| 001 |
arbauad004851 |
| 003 |
AR-BaUAD |
| 005 |
20250711110651.0 |
| 008 |
940719|||||||||###||||||b###|0###a|spa|| |
| 040 |
|
|
|a AR-BaUAD
|c AR-BaUAD
|b spa
|
| 100 |
|
|
|a Gallardo, Rodolfo
|
| 245 |
|
|
|a El art nouveau en Córdoba /
|c Rodolfo Gallardo;
|
| 300 |
0 |
|
|b fot.
|
| 500 |
|
|
|a Reseña histórica.
|
| 653 |
|
|
|a ART NOUVEAU
|
| 653 |
|
|
|a CORDOBA
|
| 653 |
|
|
|a HISTORIA
|
| 653 |
|
|
|a ARQUITECTURA
|
| 653 |
|
|
|a ARGENTINA
|
| 653 |
|
|
|a ESTILOS ARQUITECTONICOS
|
| 773 |
0 |
|
|t DANA
|g no. 17 [dic. 1984], p. 7-21
|
| 942 |
|
|
|c ARTI
|
| 952 |
|
|
|0 0
|1 0
|4 0
|7 0
|9 49771
|a AR-BAuAD
|b AR-BAuAD
|d 2025-07-11
|l 0
|p AAQA004851
|r 2025-07-11 11:06:51
|w 2025-07-11
|y ARTI
|
| 990 |
|
|
|a A198
|b TD
|
| 990 |
|
|
|a AQ200
|b TD
|
| 998 |
|
|
|a AAQ
|b BIBUN76
|
| 999 |
|
|
|c 29444
|d 29444
|